000 00297nam a2200109Ia 4500
008 200302s9999 xx 000 0 und d
100 _aScott Marble ed.
245 _aDigital workflows in Architecture design - assembly industry
260 _bBirkhauser Verlag Gmbh
260 _c2012
300 _a280
999 _c6184
_d6184